01719cam a2200169 i 4500020004700000040000800047082002600055100002300081245008000104300002700184520114400211650002501355650005001380650004801430650004501478700002601523 a9781422189818 (hardcover : acidfree paper) cDLC00a330 STE 2016 A114 Or.1 aCohen, Stephen S.,10aConcrete economics :bthe Hamilton approach to economic growth and policy / axi, 223 pages ;c22 cm a"Brilliantly written and argued, Concrete Economics shows exactly how the US government has shaped and directed the economy since the very inception of the country. This book does not rehash the sturdy and well-known arguments that to thrive, an entrepreneurial economy needs a social and policy environment characterized by a broad range of freedoms. Nor does it buy into the myth of the absolutely free market. Instead, Cohen and DeLong focus on the forgotten role played by the US government in initiating and enabling a redesign of the US economy. The government not only sets the ground rules for entrepreneurial activity but directs the surges of energy that mark a vibrant economy. It is as true for present-day Silicon Valley as it was for New England manufacturing at the dawn of the nineteenth century. This is not an argument based on abstract truths, complex correlations, or arcane discoveries, but rather on the facts of how the US economy succeeded so brilliantly. And that provides a blueprint for how the government, established companies, and new ventures can partner to yet again successfully reshape the economy. "-- 0aEconomic development 7aBUSINESS & ECONOMICS / Government & Business. 7aBUSINESS & ECONOMICS / Economics / General. 7aBUSINESS & ECONOMICS / Economic History.1 aDe Long, J. Bradford,